[Event "36. Schacholympiade 2004"]
[Site "Calvia, Mallorca (Spanien)"]
[Date "2004.10.27"]
[Round "12"]
[White "Lujan, Carolina"]
[Black "Lematschko, Tatjana"]
[Result "1-0"]
[WhiteElo "2325"]
[BlackElo "2267"]
[PlyCount "141"]
[EventDate "2004.10.15"]

1. e4 e5 2. Nf3 Nc6 3. d4 exd4 4. Nxd4 g6 5. Nxc6 dxc6 6. Qxd8+ Kxd8 7. Bc4 Be6
8. Bxe6 fxe6 9. O-O Bg7 10. c3 Ke8 11. Bf4 Rc8 12. Nd2 Ne7 13. Nb3 b6 14. a4 c5
15. Nd2 Nc6 16. Nc4 h6 17. Bg3 Rf8 18. Rad1 Rf7 19. h3 Rd8 20. Rde1 Kd7 21.
Rd1+ Kc8 22. Rxd8+ Kxd8 23. f4 Kc8 24. Bh2 a6 25. g4 b5 26. axb5 axb5 27. Ne3
b4 28. e5 g5 29. Nc4 gxf4 30. Bxf4 Kb7 31. Bg3 Rxf1+ 32. Kxf1 Kc8 33. Ke2 Kd7
34. Kd3 Ke8 35. Ke4 Kf7 36. Bf2 Bf8 37. Be3 Kg6 38. h4 Be7 39. h5+ Kh7 40. Kd3
Bf8 41. Ke4 Be7 42. Bf4 Bf8 43. Kd3 Bg7 44. Kc2 bxc3 45. bxc3 Bf8 46. Kb3 Ne7
47. Ka4 Kg7 48. Kb5 Kf7 49. Bd2 Nd5 50. Kc6 Be7 51. Bxh6 Nxc3 52. Kxc7 Bh4 53.
Bd2 Nb5+ 54. Kd7 Nd4 55. Nd6+ Kg8 56. Be3 Bg3 57. Bxd4 cxd4 58. Kxe6 d3 59. Ne4
Bf4 60. Kf6 d2 61. Nf2 Be3 62. Nd1 Bd4 63. g5 Bb6 64. Ke7 Bc7 65. e6 Bf4 66.
Kf6 Kf8 67. h6 Kg8 68. e7 Kh7 69. g6+ Kxh6 70. e8=Q Kh5 71. g7+ 1-0

[Event "36. Schacholympiade 2004"]
[Site "Calvia, Mallorca (Spanien)"]
[Date "2004.10.27"]
[Round "12"]
[White "Hund, Barbara"]
[Black "Malajovich, Sandra"]
[Result "1-0"]
[WhiteElo "2240"]
[BlackElo "2118"]
[PlyCount "101"]
[EventDate "2004.10.15"]

1. e4 g6 2. d4 Bg7 3. Nc3 d6 4. Bc4 Nf6 5. Qe2 Nc6 6. e5 Nxd4 7. exf6 Nxe2 8.
fxg7 Rg8 9. Ngxe2 Bf5 10. Nd4 Rxg7 11. Bh6 Rg8 12. O-O-O Qd7 13. Rhe1 O-O-O 14.
Nd5 Rde8 15. Bg5 e5 16. Nf6 Qa4 17. Bb3 Qa5 18. Nxg8 Rxg8 19. Ne2 Be6 20. Nc3
Bxb3 21. axb3 f5 22. h4 h5 23. g3 Rg7 24. Be3 a6 25. Kb1 Rf7 26. f4 e4 27. Rd5
b5 28. Red1 Rf6 29. R5d2 Re6 30. Nd5 c5 {#} 31. b4 cxb4 32. Bb6 Qa4 33. Rd4 Kb7
34. Rxb4 Qxb4 35. Nxb4 Kxb6 36. Nd5+ Kc6 37. Ne3 Re8 38. c3 Rd8 39. Rd5 Rg8 40.
Rd1 a5 41. Nc2 Re8 42. Nd4+ Kb6 43. Kc2 d5 44. Kd2 Rc8 45. Ke3 b4 46. Ne2 Rc5
47. Kd4 Kc6 48. cxb4 axb4 49. Rc1 Rxc1 50. Nxc1 Kd6 51. Na2 1-0

[Event "36. Schacholympiade 2004"]
[Site "Calvia, Mallorca (Spanien)"]
[Date "2004.10.27"]
[Round "12"]
[White "Justo, Virginia"]
[Black "Seps, Monika"]
[Result "1/2-1/2"]
[WhiteElo "2285"]
[BlackElo "2077"]
[PlyCount "76"]
[EventDate "2004.10.15"]

1. e4 c5 2. Nf3 d6 3. d4 cxd4 4. Nxd4 Nf6 5. Nc3 a6 6. g3 e5 7. Nde2 Be7 8. Bg2
Nbd7 9. O-O b5 10. h3 Bb7 11. g4 b4 12. Nd5 Nxd5 13. exd5 a5 14. Ng3 Nb6 15.
Nf5 O-O 16. a3 Bf6 17. axb4 axb4 18. Rxa8 Qxa8 19. Nxd6 Bxd5 20. Bxd5 Nxd5 21.
Qf3 Qc6 22. Rd1 Ne7 23. Qxc6 Nxc6 24. Ne4 Be7 25. Be3 g6 26. Rd7 f5 27. Rc7
fxe4 28. Rxc6 Kf7 29. Kf1 Rd8 30. Ke2 Ra8 31. Bc5 Bxc5 32. Rxc5 Ke6 33. Ke3 b3
34. cxb3 Rb8 35. Kxe4 Rb4+ 36. Ke3 Rxb3+ 37. Ke4 Rb4+ 38. Ke3 Rb3+ 1/2-1/2

[Event "36. Schacholympiade 2004"]
[Site "Calvia, Mallorca (Spanien)"]
[Date "2004.10.28"]
[Round "13"]
[Board "3"]
[White "Gustafsson, Jan"]
[Black "Babula, Vlastimil"]
[Result "1-0"]
[WhiteElo "2603"]
[BlackElo "2571"]
[PlyCount "105"]

1.d4 Nf6 2.c4 e6 3.g3 d5 4.Nf3 dxc4 5.Bg2 Nc6 6.Qa4 Bb4+ 7.Bd2 Nd5 8.Bxb4 Ndxb4
9.a3 b5 10.Qxb5 Nc2+ 11.Kd2 Nxa1 12.Qxc6+ Bd7 13.Qxc4 Rb8 14.b4 c5 15.Qc3 cxb4
16.axb4 Qb6 17.Qxa1 Qxb4+ 18.Nc3 O-O 19.Rb1 Qc4 20.e3 Rxb1 21.Qxb1 Rc8 22.Qb2 f6
23.Ne1 Bc6 24.Bh3 Rd8 25.Qa3 e5 26.Qe7 Re8 27.Qxa7 exd4 28.Qxd4 Qa6 29.Nd3 Qa8
30.Nb4 Bf3 31.Bd7 Rd8 32.Be6+ Kh8 33.Bd5 Qa3 34.e4 Qb2+ 35.Nc2 f5 36.Qb4 Qxb4
37.Nxb4 fxe4 38.Ke3 g6 39.Bxe4 Bg4 40.Nc6 Re8 41.f3 Bd7 42.Nd4 Kg7 43.Nd5 Rb8
44.Kf4 Be8 45.Ne6+ Kf7 46.Ke5 Ba4 47.Nf6 h6 48.Nc5 Bb5 49.Bd5+ Kg7 50.Ne6+ Kh8
51.Ng4 Kh7 52.Be4 Bc4 53.Nf6+ 1-0

[Event "36. Schacholympiade 2004"]
[Site "Calvia, Mallorca (Spanien)"]
[Date "2004.10.28"]
[Round "13"]
[Board "4"]
[White "Stocek, Jiri"]
[Black "Kritz, Leonid"]
[Result "1/2-1/2"]
[WhiteElo "2569"]
[BlackElo "2543"]
[PlyCount "90"]

1.d4 Nf6 2.c4 g6 3.Nc3 Bg7 4.e4 O-O 5.h3 d6 6.Bg5 h6 7.Be3 Nbd7 8.Nf3 e5 9.Qd2
Kh7 10.O-O-O exd4 11.Nxd4 Re8 12.f3 c6 13.g4 d5 14.g5 hxg5 15.exd5 Ne5 16.h4 g4
17.h5 Nxh5 18.f4 c5 19.Ne6 Bxe6 20.dxe6 Qxd2+ 21.Bxd2 Nf3 22.exf7 Red8 23.Nd5
Bh6 24.Bc3 Nd4 25.Kb1 Kg7 26.Nc7 Rac8 27.Ne6+ Kxf7 28.Nxd8+ Rxd8 29.f5 Be3
30.Bg2 b6 31.Rhe1 Bf2 32.fxg6+ Kxg6 {(=)} 33.Re5 Nf6 34.Rh1 Rd7 35.Be1 Bxe1
36.Rhxe1 Rh7 37.Rh1 Rxh1+ 38.Bxh1 Nf5 39.Kc1 Kg5 40.Kd2 Kf4 41.Re1 g3 42.Rf1+
Ke5 43.Re1+ Kf4 44.Rf1+ Ke5 45.Re1+ Kf4 1/2-1/2

[Event "36. Schacholympiade 2004"]
[Site "Calvia, Mallorca (Spanien)"]
[Date "2004.10.28"]
[Round "13"]
[Board "4"]
[White "Mamedov, Rauf"]
[Black "Jenni, Florian"]
[Result "0-1"]
[WhiteElo "2517"]
[BlackElo "2503"]
[PlyCount "102"]

1.e4 e5 2.Nf3 Nc6 3.d4 exd4 4.Nxd4 Nf6 5.Nxc6 bxc6 6.e5 Qe7 7.Qe2 Nd5 8.c4 Ba6
9.b3 O-O-O 10.g3 g5 11.Bb2 Bg7 12.Bg2 Rde8 13.O-O Bxe5 14.Qxe5 Qxe5 15.Bxe5 Rxe5
16.cxd5 Bxf1 17.Kxf1 cxd5 18.Nc3 c6 19.Ne2 h5 20.Nd4 f6 21.Rc1 Kb7 22.f4 Ree8
23.Kf2 h4 24.g4 Kb6 25.Bf3 a5 26.f5 Re5 27.Nc2 Rhe8 28.Rd1 Kc5 29.Rd4 {(=)} Re1
30.Rxd5+ cxd5 31.Nxe1 Kd4 32.Nc2+ Kd3 33.Na3 d4 34.Nb5 Rb8 35.h3 Rb6 36.Bg2 Kc2
37.Nxd4+ Kb2 38.Ke3 Kxa2 39.Kd3 Kb2 40.Bd5 Kc1 41.Bf3 Rb4 42.Kc3 Rb8 43.Kd3 Rc8
44.Be2 Kb2 45.Kd2 Rc5 46.Bf1 Rc1 47.Bb5 Rh1 48.Bxd7 Rh2+ 49.Ke3 Rxh3+ 50.Nf3
Kxb3 51.Kf2 Rxf3+ 0-1

[Event "36. Schacholympiade 2004"]
[Site "Calvia, Mallorca (Spanien)"]
[Date "2004.10.28"]
[Round "13"]
[Board "1"]
[White "Mamedjarova, Zeinab"]
[Black "Kachiani-G,  Ketino"]
[Result "1/2-1/2"]
[WhiteElo "2349"]
[BlackElo "2441"]
[PlyCount "138"]

1.d4 g6 2.Nf3 Nf6 3.c4 Bg7 4.g3 O-O 5.Bg2 d6 6.O-O Nc6 7.Nc3 a6 8.Re1 Re8 9.e4
e5 10.d5 Nd4 11.Be3 Bg4 12.Bg5 h6 13.Bc1 c5 14.dxc6 bxc6 15.Qd3 Nd7 16.Nd2 Nc5
17.Qb1 a5 18.b3 h5 19.h4 Rb8 20.Ba3 Bh6 21.Nf1 Bf3 22.Bxc5 dxc5 23.Qb2 Bg4
24.Nh2 Qd6 25.f3 Be6 26.Qf2 f5 27.Rad1 Kh7 28.Rd3 Rf8 29.Kh1 f4 30.g4 g5 31.Bh3
Qe7 32.Rg1 Rg8 33.Rd2 gxh4 34.Qf1 Rg7 35.Rdg2 Rbg8 36.Qf2 Bg5 37.Na4 Bf6 38.Qf1
Kh8 39.Qf2 Qd6 40.Qf1 Be7 41.Qf2 Qd8 42.Qf1 Qb8 43.Nb2 Bf6 44.Na4 Qb4 45.Qd3 Rg5
46.Qf1 Bc8 47.Qd3 R5g7 48.Qf1 Ne6 49.gxh5 Rg3 50.Bf5 Nd4 51.Bxc8 Rxc8 52.Rxg3
hxg3 53.Ng4 Rf8 54.Qd3 Kh7 55.Kg2 Bh8 56.Rd1 Rd8 57.Qc3 Rg8 58.Qxb4 cxb4 59.Nc5
Bg7 60.Nd7 Ra8 61.Ndxe5 c5 62.Ng6 a4 63.bxa4 Rxa4 64.Rd2 Ra3 65.Nxf4 Rxf3 66.Ne6
Rc3 67.Ng5+ Kg8 68.h6 Bh8 69.h7+ Kg7 1/2-1/2

[Event "36th Chess Olympiad 2004"]
[Site "Calvia, Mallorca (Spain)"]
[Date "2004.10.28"]
[Round "13"]
[Board "2"]
[White "Nill, Jessica"]
[Black "Velikhanli, Firuza"]
[Result "1/2-1/2"]
[WhiteElo "2256"]
[BlackElo "2322"]
[PlyCount "36"]

1.d4 d6 2.c4 e5 3.Nf3 e4 4.Ng5 f5 5.g3 Be7 6.Nh3 c6 7.Bg2 Nf6 8.O-O O-O 9.Nc3
Na6 10.f3 d5 11.cxd5 cxd5 12.Bf4 Qb6 13.Rb1 Be6 14.a3 Rac8 15.Na4 Qb5 16.Nc3 Qb6
17.Na4 Qb5 18.Nc3 Qb6 1/2-1/2

[Event "36. Schacholympiade 2004"]
[Site "Calvia, Mallorca (Spanien)"]
[Date "2004.10.28"]
[Round "13"]
[Board "3"]
[White "Shukurova, Meihriban"]
[Black "Mietzner, Tina"]
[Result "1/2-1/2"]
[WhiteElo "2281"]
[BlackElo "2235"]
[PlyCount "126"]

1.e4 c5 2.Nf3 d6 3.d4 Nf6 4.Nc3 cxd4 5.Nxd4 a6 6.g3 e6 7.Bg2 Qc7 8.O-O Be7 9.Be3
O-O 10.f4 Nc6 11.Nb3 b5 12.a3 Bb7 13.g4 Rfe8 14.g5 Nd7 15.Qg4 Rab8 16.Qg3 g6
17.h4 Nb6 18.Nd2 Na5 19.h5 Nac4 20.Nxc4 Nxc4 21.hxg6 fxg6 22.Bd4 e5 23.fxe5 dxe5
24.Nd5 Bxd5 25.exd5 Qd8 26.Bc3 Bxg5 27.Qf3 Be3+ 28.Kh1 Bf4 29.Rae1 Qg5 30.Bh3
Rf8 31.Rg1 Qh6 32.Qg4 Rbe8 33.Qd7 Nd6 34.Kg2 Qg5+ 35.Kh1 Qh6 36.Kg2 Qg5+ 37.Kh1
Qh4 38.Qg4 Qxg4 39.Bxg4 Nf5 40.Bb4 Rf6 41.a4 Nd4 42.c3 Nc2 43.Re4 Nxb4 44.Rxb4
Be3 45.Re1 Bc5 46.Rbe4 Bd6 47.axb5 axb5 48.Bd7 Rb8 49.Ra1 Kg7 50.Be6 h5 51.Ra6
Bf8 52.Rxe5 Rf1+ 53.Kg2 Rb1 54.Re2 Rd1 55.Rf2 Rb7 56.b4 h4 57.Ra8 Bd6 58.Rg8+
Kh6 59.Bf7 h3+ 60.Kxh3 Rh1+ 61.Kg4 Rg1+ 62.Kh3 Rg3+ 63.Kh4 Rxf7 1/2-1/2

[Event "36. Schacholympiade 2004"]
[Site "Calvia, Mallorca (Spanien)"]
[Date "2004.10.29"]
[Round "14.9"]
[White "Kritz, Leonid"]
[Black "Socko, Bartosz"]
[Result "1/2-1/2"]
[WhiteElo "2543"]
[BlackElo "2570"]
[PlyCount "84"]
[EventDate "2004.10.15"]

1. d4 Nf6 2. c4 g6 3. Nc3 Bg7 4. e4 d6 5. f3 O-O 6. Be3 a6 7. Qd2 Nbd7 8. Nge2
c5 9. dxc5 dxc5 10. Rd1 Qc7 11. Nf4 e6 12. Nd3 b6 13. Be2 Bb7 14. Bf4 e5 15.
Bg5 Nb8 16. b4 Rc8 17. bxc5 bxc5 18. O-O Nbd7 19. Rc1 Rab8 20. Nf2 Bc6 21. Nd5
Nxd5 22. cxd5 Bb5 23. Nd1 Bxe2 24. Qxe2 c4 25. Rc2 Bf8 26. Ne3 Rb4 27. Rfc1 Nb6
28. Ng4 Nd7 29. Qe1 Ra4 30. Qg3 c3 31. h4 h5 32. Nh6+ Kg7 33. Nf5+ Kh7 34. Ne7
Qc5+ 35. Kh1 Bxe7 36. Rxc3 Qxc3 37. Rxc3 Rxc3 38. Bxe7 Rxa2 39. Bg5 Rcc2 40.
Qh3 Nb8 41. Bf6 Rxg2 42. Qc8 Rh2+ 1/2-1/2

[Event "36. Schacholympiade 2004"]
[Site "Calvia, Mallorca (Spanien)"]
[Date "2004.10.29"]
[Round "14.11"]
[White "Korchnoi, Viktor"]
[Black "Iuldachev, Saidali"]
[Result "1-0"]
[WhiteElo "2601"]
[BlackElo "2550"]
[PlyCount "89"]
[EventDate "2004.10.15"]

1. d4 Nf6 2. c4 d6 3. Nf3 g6 4. g3 Bg7 5. Bg2 O-O 6. O-O Nbd7 7. Qc2 e5 8. Rd1
Re8 9. e4 exd4 10. Nxd4 Nc5 11. Nc3 Qe7 12. f3 c6 13. b3 a5 14. Rb1 Nh5 15. g4
Nf6 16. Bg5 Qe5 17. Bh4 Nfd7 18. Nde2 Bf8 19. Qd2 Qg7 20. h3 Ne6 21. Bf2 g5 22.
Ng3 Nf4 23. Nce2 Nxe2+ 24. Qxe2 Ne5 25. Be3 a4 26. Rf1 axb3 27. axb3 Ng6 28.
Bxg5 Qe5 29. Nf5 Bxf5 30. gxf5 Qxf5 31. Qd2 Qe5 32. f4 Qa5 33. Qd3 Bg7 34. f5
Ne5 35. Qg3 Kh8 36. f6 Bf8 37. Kh1 Ng6 38. Rf5 Re5 39. Rbf1 Rxf5 40. exf5 Ne5
41. Rg1 Nd7 {#} 42. Bxc6 bxc6 43. Bd2 Nxf6 44. Bxa5 Rxa5 45. Qg5 1-0

[Event "36. Schacholympiade 2004"]
[Site "Calvia, Mallorca (Spanien)"]
[Date "2004.10.29"]
[Round "14.11"]
[White "Gareev, Timur"]
[Black "Jenni, Florian"]
[Result "1-0"]
[WhiteElo "2525"]
[BlackElo "2503"]
[PlyCount "131"]
[EventDate "2004.10.15"]

1. d4 Nf6 2. c4 e6 3. Nf3 b6 4. Nc3 Bb4 5. Bg5 Bb7 6. e3 h6 7. Bh4 Bxc3+ 8.
bxc3 d6 9. Nd2 e5 10. f3 Qe7 11. e4 Nc6 12. d5 Nb8 13. c5 dxc5 14. Nc4 O-O 15.
Ne3 Bc8 16. Bd3 Rd8 17. Qd2 c6 18. O-O g5 19. Bf2 cxd5 20. exd5 Nxd5 21. Nxd5
Rxd5 22. Bh7+ Kxh7 23. Qxd5 Bb7 24. Qd3+ Kg7 25. Rad1 Nc6 26. Qd7 Re8 27. Rd6
Na5 28. Rfd1 Nc4 29. Qxe7 Rxe7 30. Rd7 Kf6 31. Rd8 Bc6 32. h4 Ba4 33. R1d5 Ke6
34. h5 Rc7 35. Rd3 Rd7 36. R3xd7 Bxd7 37. Rh8 Kf6 {#} 38. Bxc5 bxc5 39. Rxh6+
Kg7 40. Ra6 Be6 41. Rxa7 e4 42. fxe4 Nd6 43. a4 Nxe4 44. a5 Nxc3 45. Rc7 c4 46.
a6 Na4 47. a7 Nb6 48. Rb7 Na8 49. Rb8 Bd5 50. Rb5 Be4 51. Rxg5+ Kh6 52. Rc5 f5
53. Rxc4 Kxh5 54. Kf2 Kg5 55. g3 Bd5 56. Rd4 Be4 57. Ke3 Kg4 58. Kf2 Kg5 59.
Rd8 Kf6 60. Ke3 Ke7 61. Rd4 Bc6 62. Kf4 Nc7 63. Ke5 Bd7 64. Rh4 Bc6 65. Rh7+
Kd8 66. Kd6 1-0

[Event "36. Schacholympiade 2004"]
[Site "Calvia, Mallorca (Spanien)"]
[Date "2004.10.29"]
[Round "14.22"]
[White "Lematschko, Tatjana"]
[Black "Berezina, Irina"]
[Result "1/2-1/2"]
[WhiteElo "2267"]
[BlackElo "2281"]
[PlyCount "96"]
[EventDate "2004.10.15"]

1. d4 Nf6 2. c4 g6 3. f3 Bg7 4. e4 d6 5. Nc3 O-O 6. Bg5 c6 7. Qd2 a6 8. a4 a5
9. Rd1 Qc7 10. Bd3 Na6 11. Nge2 e5 12. d5 Nb4 13. Bb1 cxd5 14. cxd5 Bd7 15. Be3
Rfc8 16. O-O Qd8 17. Bd3 Nxd3 18. Qxd3 Ne8 19. Nb5 f5 20. Rc1 Bf6 21. Rxc8 Rxc8
22. Rc1 Rxc1+ 23. Nxc1 Qa8 24. g3 Bd8 25. Nb3 Qa6 26. Kg2 Bb6 27. Bh6 Bc5 28.
Nc3 Qb6 29. Nd1 Nf6 30. Bg5 Kf7 31. Bxf6 Kxf6 32. h3 Qb4 33. g4 f4 34. Qc3 b5
35. Qxb4 Bxb4 36. axb5 Bxb5 37. h4 Ke7 38. Nf2 a4 39. Nc1 Be1 40. g5 Bd2 41.
Ncd3 Be3 42. Nb4 Bxf2 43. Kxf2 Kd7 44. Ke1 Kc7 45. Kd2 Kb6 46. Nd3 Bxd3 47.
Kxd3 Kc5 48. Kc3 Kb5 1/2-1/2

[Event "36. Schacholympiade 2004"]
[Site "Calvia, Mallorca (Spanien)"]
[Date "2004.10.29"]
[Round "14.22"]
[White "Caoili, Arianne"]
[Black "Hund, Barbara"]
[Result "0-1"]
[WhiteElo "2250"]
[BlackElo "2240"]
[PlyCount "100"]
[EventDate "2004.10.15"]

1. c4 c5 2. Nc3 Nf6 3. g3 d5 4. cxd5 Nxd5 5. Bg2 Nxc3 6. bxc3 g6 7. Qa4+ Qd7 8.
Qxd7+ Nxd7 9. Rb1 Rb8 10. d4 Bg7 11. Nf3 e5 12. Ba3 exd4 13. cxd4 O-O 14. O-O
Re8 15. dxc5 Bf8 16. Ng5 Nxc5 17. Bd5 Ne6 18. Bxf8 Kxf8 19. Nxe6+ Bxe6 20. Bxe6
Rxe6 21. Rb2 Rc6 22. Rfb1 b6 23. Kg2 Rbc8 24. Rd1 Rc2 25. Rd2 Rxb2 26. Rxb2 Rc3
27. e3 Ra3 28. Kf3 Ke7 29. Rd2 Ke6 30. Kf4 f6 31. Ke4 b5 32. g4 a5 33. h3 Rc3
34. f4 f5+ 35. Kf3 b4 36. gxf5+ gxf5 37. h4 h5 38. Ke2 a4 39. Kf3 Rc7 40. Rb2
Rb7 41. e4 fxe4+ 42. Kxe4 b3 43. axb3 axb3 44. Kd4 Kf5 45. Ke3 Rb4 46. Kf3
Rxf4+ 47. Kg3 Rb4 48. Rf2+ Ke5 49. Rb2 Kd4 50. Rf2 b2 0-1

[Event "36. Schacholympiade 2004"]
[Site "Calvia, Mallorca (Spanien)"]
[Date "2004.10.29"]
[Round "14.22"]
[White "Seps, Monika"]
[Black "Eriksson, Ingela S"]
[Result "1-0"]
[WhiteElo "2077"]
[BlackElo "2098"]
[PlyCount "69"]
[EventDate "2004.10.15"]

1. e4 d6 2. d4 e5 3. Ne2 Nf6 4. Nbc3 Nbd7 5. g3 g6 6. Bg2 Bg7 7. O-O O-O 8. h3
Re8 9. d5 Nb6 10. a4 a5 11. b3 Rf8 12. Be3 Nbd7 13. Qd2 Ne8 14. Rad1 Nb8 15.
Nb5 Bd7 16. Na3 f5 17. exf5 Bxf5 18. Nc4 b6 19. f4 exf4 20. Nxf4 Na6 21. Bd4
Bxd4+ 22. Qxd4 Ng7 23. Rde1 Rb8 24. Ne3 Nc5 25. Kh2 Bd7 26. h4 g5 27. Ne6 Ncxe6
28. dxe6 Rxf1 29. Rxf1 Bxe6 30. Nd5 gxh4 31. Nf6+ Kh8 32. Qxh4 h5 33. Qg5 Nf5
34. Rxf5 Bxf5 35. Qh6+ 1-0

[Event "36. Schacholympiade 2004"]
[Site "Calvia, Mallorca (Spanien)"]
[Date "2004.10.29"]
[Round "14.12"]
[White "Kachiani-G, Ketino"]
[Black "Pina, Sulennis"]
[Result "1/2-1/2"]
[WhiteElo "2441"]
[BlackElo "2313"]
[PlyCount "31"]
[EventDate "2004.10.15"]

1. d4 d5 2. c4 dxc4 3. Nf3 Nf6 4. e3 e6 5. Bxc4 c5 6. O-O a6 7. Bb3 b5 8. a4 b4
9. Nbd2 Be7 10. Bc2 Nc6 11. dxc5 Bxc5 12. Ne4 Be7 13. Qxd8+ Nxd8 14. Nxf6+ Bxf6
15. a5 O-O 16. Be4 1/2-1/2

[Event "36. Schacholympiade 2004"]
[Site "Calvia, Mallorca (Spanien)"]
[Date "2004.10.29"]
[Round "14.12"]
[White "Marrero, Yaniet"]
[Black "Nill, Jessica"]
[Result "1/2-1/2"]
[WhiteElo "2272"]
[BlackElo "2256"]
[PlyCount "58"]
[EventDate "2004.10.15"]

1. e4 c5 2. Nf3 e6 3. b3 a6 4. Bb2 d6 5. c4 Nf6 6. Nc3 Be7 7. d4 cxd4 8. Nxd4
O-O 9. Be2 Bd7 10. O-O Nc6 11. Nxc6 Bxc6 12. Qd4 Qb8 13. a4 b6 14. Kh1 Rd8 15.
f4 Ra7 16. Bf3 Ne8 17. Qf2 Rad7 18. Rae1 Qb7 19. Qg3 Bf8 20. f5 e5 21. Nd5 Bxd5
22. exd5 Qb8 23. Bc1 Be7 24. Bh6 Bf6 25. Be4 b5 26. cxb5 axb5 27. a5 b4 28. a6
Qa8 29. Ra1 Ra7 1/2-1/2

[Event "36. Schacholympiade 2004"]
[Site "Calvia, Mallorca (Spanien)"]
[Date "2004.10.29"]
[Round "14.12"]
[White "Mietzner, Tina"]
[Black "Ramon, Vivian"]
[Result "1-0"]
[WhiteElo "2235"]
[BlackElo "2251"]
[PlyCount "101"]
[EventDate "2004.10.15"]

1. e4 e5 2. Nf3 Nc6 3. Bc4 Nf6 4. d3 h6 5. c3 d6 6. O-O g6 7. d4 Qe7 8. Re1 Bg7
9. b4 Bg4 10. b5 Na5 11. Bd3 Nd7 12. Bb2 O-O 13. Nbd2 exd4 14. cxd4 Nc5 15. Bc2
Ne6 16. Bc3 b6 17. h3 Bxf3 18. Nxf3 Qd7 19. Ba4 Nb7 20. Rc1 Kh7 21. Qd3 a6 22.
Ba1 Na5 23. Bc3 Nb7 24. Bd2 a5 25. Bb3 Rae8 26. Rc2 Nbd8 27. Rec1 Re7 28. Be3
Qe8 29. Nd2 f5 30. exf5 Rxf5 31. a4 Nf4 32. Bxf4 Rxf4 33. Nf3 Ne6 34. Bxe6 Rxe6
35. Rxc7 Re7 36. R7c6 Bxd4 37. Nxd4 Re1+ 38. Kh2 Rxc1 39. Rxc1 Qe5 40. Nc6 Qf6
41. Re1 Rxf2 42. Re7+ Kg8 43. Qe3 Qf4+ 44. Qxf4 Rxf4 45. Re6 Kg7 46. Rxd6 Rxa4
47. Rd7+ Kf6 48. Rb7 Re4 49. Rxb6 a4 50. Ra6 Ke6 51. b6 1-0